Präteritum - Statystyki

Ogólne statystyki
  • Ten quiz został rozwiązany 37 razy
  • Średni wynik to 37 z 135
Statystyki odpowiedzi
Infinitiv Präteritum % Poprawnych
backen(piec) backte
60%
beginnen(zaczynać) begann
60%
liegen(kłaść) lag
60%
schreiben(pisać) schrieb
60%
schwimmen(pływać) schwamm
60%
ziehen(ciągnąć) zog
60%
essen(jeść)
40%
befehlen(rozkazywać) befahl
40%
beweisen(udowodnić) bewies
40%
bleiben(zostawać) blieb
40%
denken(myśleć) dachte
40%
dürfen(mieć pozwolenie) durfte
40%
finden(znajdować) fand
40%
fallen(upaść) fiel
40%
fangen(łapać) fing
40%
genießen(jeść, zażywać) genoss
40%
gehen(iść) ging
40%
helfen(pomagać) half
40%
haben(mieć) hatte
40%
heißen(nazywać) hieß
40%
klingen(brzmieć) klang
40%
können(móc) konnte
40%
lesen(czytać) las
40%
laufen(biec) lief
40%
lassen(pozwalać) ließ
40%
müssen(musieć) musste
40%
nehmen(brać) nahm
40%
nennen(nazywać) nannte
40%
rufen(dzwonić) rief
40%
sehen(widzieć) sah
40%
singen(śpiewać) sang
40%
sinken(obniżyć się) sank
40%
sitzen(siedzieć) saß
40%
sollen(mieć powinność) sollte
40%
sprechen(mówić,rozmawiać) sprach
40%
springen(skakać) sprang
40%
stehen(stać) stand
40%
sterben(umierać) starb
40%
tun(czynić) tat
40%
treffen(spotykać) traf
40%
trinken(pić) trank
40%
tragen(nosić) trug
40%
werfen(rzucać) warf
40%
wollen(chcieć) wollte
40%
wissen(wiedzieć) wusste
40%
binden(wiązać) band
20%
bitten(prosić) bat
20%
betrügen(oszukiwać) betrog
20%
bewerben sich(ubiegać się) bewarb
20%
bewegen(poruszać) bewog
20%
beißen(gryźć) biss
20%
biegen(skęcać) bog
20%
bieten(oferować) bot
20%
brechen(łamać) brach
20%
bringen(przynosić) brachte
20%
brennen(płonąć) brannte
20%
braten(smażyć) briet
20%
empfehlen(polecać) empfahl
20%
empfangen(przyjmować) empfing
20%
entscheiden(decydować) entschied
20%
erschrecken(przestraszyć się) erschrack
20%
fliegen(latać) flog
20%
fliehen(uciekać) floh
20%
fließen(płynąć) floß
20%
fressen(żreć) fraß
20%
frieren(marznąć) fror
20%
fahren(jechać) fuhr
20%
geben(dawać) gab
20%
gelten(mieć ważność, odnosić się) galt
20%
gebären(rodzić) gebar
20%
gelingen(udać się) gelang
20%
geschehen(zdarzać się) geschah
20%
gewinnen(wygrywać) gewann
20%
gleichen(zrównać) glich
20%
gießen(podlewać) goss
20%
greifen(sięgać) griff
20%
halten(trzymać) hielt
20%
hängen(wisieć) hing
20%
heben(podnosić) hob
20%
kommen(przychodzić) kam
20%
leihen(pożyczać) lieh
20%
leiden(cierpieć) litt
20%
lügen(kłamać) log
20%
laden(ładować) lud
20%
mögen(lubić) machte
20%
messen(mierzyć) maß
20%
meiden(unikać) mied
20%
pfeifen(gwizdać) pfiff
20%
rennen(pędzić) rannte
20%
raten(radzić) riet
20%
reißen(rwać, drzeć) riss
20%
reiten(ujeżdżać) ritt
20%
riechen(wąchać,pachnieć) roch
20%
salzen(solić) salzte
20%
senden(wysyłać) sandte
20%
scheiden(rozwodzić) schied
20%
scheinen(świecić) schien
20%
schlafen(spać) schlief
20%
schließen(zamykać) schloss
20%
schlagen(bić) schlug
20%
schmeißen(wyrzucać) schmiss
20%
schmelzen(topić) schmolz
20%
schneiden(ciąć,kroić) schnitt
20%
schieben(popychać) schob
20%
schießen(strzelać) schoss
20%
schreien(krzyczeć) schrie
20%
schaffen(stworzyć) schuff
20%
schweigen(milczeć) schwieg
20%
schwellen(puchnąć) schwoll
20%
schwören(przysięgać) schwor
20%
stechen(kłuć) stach
20%
stehlen(kraść) stahl
20%
steigen(wspinać się) stieg
20%
stoßen(popychać) stieß
20%
streichen(skreślać,malować) strich
20%
streiten(kłócić się) stritt
20%
treten(deptać) trat
20%
treiben(pędzić) trieb
20%
unterbrechen(przerywać) unterbrach
20%
unterschreiben(podpisywać) unterschrieb
20%
verderben(zep/suć się) verdarb
20%
vergessen(zapominać) vergaß
20%
vergleichen(porównać) verglich
20%
verlieren(zgubić,przegrać) verlor
20%
vermeiden(uniknąć) vermied
20%
verschwinden(znikać) verschwand
20%
verzeihen(przebaczać) verzieh
20%
sein(być) war
20%
werben(reklamować) warb
20%
wiegen(ważyć) wog
20%
wachsen(rosnąć) wuchs
20%
werden(stawać się) wurde
20%
waschen(myć) wusch
20%
zwingen(zmuszać) zwang
20%
kennen(znać) kannte
0%
Nie znaleziono quizów pasujących do podanych kryteriów
Rozkład punktacji
Procent ludzi z każdym wynikiem
Percentyl według liczby udzielonych odpowiedzi
Twoja historia wyników
Nie rozwiązałeś tego quizu